000
00320nam a2200133Ia 4500
005
20251222141916.0
008
251222s9999||||xx |||||||||||||| ||spa||
020
_a
987-1140-56-8
082
_a
657.7/P48
100
_a
Petti, Ana MarĂa
245
0
_a
Contabilidad Patrimonial
264
_b
Osmar D. Buyatti
942
_c
LIB
999
_c
8569
_d
8569